00757nam a2200217Ia 4500003000400000005001700004008004100021020001500062040001800077041000800095082001900103100002000122245015900142250001200301260005100313300002400364650004900388650004600437650003200483700002400515OSt20220203105036.0210716s2000 xx 000 0 und d a0324007132 cAIMIT LIBRARY aeng a658.426bBULP aBuller, Paul F. aManaging organizations and people:bCases in management, organizational behavior and human resource management /cBy Paul F Buller and Schuler, Randall S. a6th ed. aU S A:bSouth western cengage learning,c2000. axii,377p.;c25.3cm. aStrategy planning and organizational culture aOrganizational control power and conflict aMotivation and performances aSchuler, Randall S.